000 00298nam a2200097Ia 4500
001 1225627
005 20250827092949.0
008 250824s9999 xx 000 0 und d
245 0 _aMİANIN GÜNLÜĞÜ YAZAR OLMAK İSTİYORUM
_cPAOLA ZANNONER
260 _bALTIN KİTAPLAR YAYINLARI
999 _c1225627
_d1225627